Pochvala od Tajovského

Bibliographic Details
Main Authors: Nemsilová, Emília, 1932- (Author, Interviewer), Meličková, Hana, 1900-1978 (Author)
Format: Article
Language:Slovak
Subjects:

MARC

LEADER 00000nab a2200000 ar4500
001 vtls009462547
003 SK-MaSNL
005 20260303171442.0
008 090119c19740301xo mr|p|||||||000 b|slo
015 |a SNBRB1976 
038 |a SNKBUCL 
040 |a SNKBUCL  |b slo  |c SNKBUCL  |e AACR2 
041 |a slo 
044 |a xo  |c SK 
080 |a 792.071.2  |2 1997 
100 1 |a Nemsilová, Emília,  |d 1932-  |4 aut  |4 ivr  |9 226357 
245 1 0 |a Pochvala od Tajovského  |c Emília Nemsilová, Hana Meločková 
600 1 7 |a Meličková, Hana,  |d 1900-1978  |2 snkbucl  |9 102451 
700 1 |a Meličková, Hana,  |d 1900-1978  |4 aut  |4 ive  |9 102451 
773 0 |t Večerník  |g (1.3.1974), s. 7 
852 |a SNK  |b KIS3GCP 
958 |a BX 
999 |c 2081545  |d 2083475